[Event "Pinneberg-ch"]
[Site "Pinneberg"]
[Date "2009.09.24"]
[Round "5"]
[White "Cassens, Erhard Otto"]
[Black "Bongartz, Florian"]
[Result "1-0"]
[WhiteElo "1791"]
[BlackElo "1664"]
[PlyCount "69"]
[EventDate "2009.08.27"]
[EventType "swiss"]
[EventRounds "7"]
[EventCountry "GER"]
[SourceTitle "EXT 2012"]
[Source "ChessBase"]
[SourceDate "2011.11.24"]
[SourceVersion "1"]
[SourceVersionDate "2011.11.24"]
[SourceQuality "1"]

1. f4 c5 2. Nf3 g6 3. e4 Bg7 4. Bc4 Nc6 5. c3 Qc7 6. 0-0 e6 7. e5 Nge7 8. Na3 a6 9. d4 cxd4 10. cxd4 d5 11. Be2 0-0 12. Be3 Nf5 13. Bf2 Bd7 14. g4 Nfe7 15. Rc1 Rfc8 16. Qb3 b5 17. Be1 Qb6 18. Nc2 f6 19. a4 fxe5 20. axb5 Nxd4 21. Ncxd4 exd4 22. Bf2 Rf8 23. Qa3 Nc8 24. bxa6 Rxf4 25. Kg2 Bb5 26. Bxd4 Rxd4 27. Nxd4 Bxe2 28. Nxe2 Nd6 29. Qc5 Qxa6 30. Ng3 Bxb2 31. Rc2 Nc4 32. Qf2 Qb7 33. Qf3 Qg7 34. Rxc4 Be5 35. Rc2 1-0